Washington Nationals Managers by Picture - Statistics

General Stats
  • This quiz has been taken 25 times
  • The average score is 8 of 18
Answer Stats
Picture Hint Answer % Correct
2016-2017 Dusty Baker
100%
2018-Present Dave Martinez
82%
2011-2013 Davey Johnson
82%
1977-1981 Dick Williams
76%
2014-2015 Matt Williams
76%
2002-2006 Frank Robinson
65%
1992-2001 Felipe Alou
53%
2007-2009 Manny Acta
47%
1983-1984 Bill Virdon
35%
1985-1991 Buck Rodgers
35%
2009-2011 Jim Riggleman
35%
1969-1975 Gene Mauch
29%
2001 Jeff Torborg
29%
1976 Charlie Fox
12%
2011 John McLaren
12%
1981-1982 | 1984 Jim Fanning
6%
1976 Karl Kuehl
6%
1991-1992 Tom Runnells
6%
No matching quizzes found
Score Distribution
Percent of People with Each Score
Percentile by Number Answered
Your Score History
You have not taken this quiz